000
00296nam a22001097a 4500
082
_a
621.4368 HAR'D
100
_a
HARTLEY, SMITH. D. I
_9
80020
245
_a
DIESEL ENGINES MAINTENANCE A PRACTICAL GUIDE FOR THE SERVICE ENGINEERS
260
_a
LONDON
_b
ILIFFE
_c
1964
300
_a
242P
942
_c
BK
999
_c
584998
_d
584998